000 00485cam a2200181 i 4500
005 20260224121358.0
008 250721s1987 xxu gr 000 0 ara d
020 _a0026682206
082 1 4 _a649.1
_bS E E
245 0 0 _asee how they grow /
_cMcGraw hill.
264 3 1 _anew york :
_bglencoe mcgraw-hill،
_c1987.
300 _a392pages.
650 1 7 _achildren.
650 1 7 _aparenting.
710 2 _aMcGraw hill.
_eeditor.
942 _2ddc
_cBK
999 _c131080
_d131080